| 000 | 01141nam a22003377a 4500 | ||
|---|---|---|---|
| 003 | CHAP | ||
| 005 | 20220329133622.0 | ||
| 008 | 971013s1993 r 00010 d | ||
| 010 | _a8629 | ||
| 011 | _a9601 | ||
| 035 | _a8836 | ||
| 040 | _cCHAP | ||
| 090 | _aTesis | ||
| 100 | 0 | 0 |
_aBurgueño Ferreira, Juan A. _916182 |
| 245 | _aAnálisis de diseños de bloques incompletos recuperando información interbloque | ||
| 260 |
_aMontecillo, Méx. : _bEl autor, _c1993 |
||
| 300 | _a89 p | ||
| 502 | _aTesis (M.C. Esp. en Estadística) -- C.P. Centro de Estadística y Cálculo | ||
| 590 |
_aALEPH _b10 _c20130110 _lUCH01 _h1224 |
||
| 590 |
_aBATCH-UPD _b10 _c20130110 _lUCH01 _h0102 |
||
| 590 |
_aBATCH-UPD _b10 _c20130110 _lUCH01 _h1940 |
||
| 590 |
_aBATCH-UPD _b10 _c20130409 _lUCH01 _h2052 |
||
| 590 |
_aBATCH-UPD _b10 _c20130410 _lUCH01 _h1303 |
||
| 590 |
_aBATCH-UPD _b10 _c20130914 _lUCH01 _h0756 |
||
| 590 |
_aCONVERSION _b10 _c20130109 _lUCH01 _h1306 |
||
| 650 | 1 | 4 |
_aDiseño de bloques. _932728 |
| 901 | _aBK | ||
| 942 | _cFOLL | ||
| 949 |
_bBC _cTES _d-19194 _eTS1 _h25564 _i8836 _mD _si |
||
| 949 |
_bBC _cTES _d-19195 _eTS2 _fc.2 _h25565 _i8836 _mD _si |
||
| 999 |
_c8629 _d8629 |
||